[Event "5.liga SE-SI 2019/2020"]
[Site "?"]
[Date "2020.06.27"]
[Round "10.1"]
[White "Stachovic, Jozef"]
[Black "Ralbovsky, Milan"]
[Result "1-0"]
[WhiteElo "1599"]
[BlackElo "1263"]
[PlyCount "143"]
[EventDate "2019.10.19"]
[WhiteTeam "Å O Spartak Myjava B"]
[BlackTeam "JabuÄ�a Petrova Ves - Gbely E"]

1. e4 Nf6 2. Nc3 e5 3. Nf3 Nc6 4. Bc4 Bb4 5. d3 Nd4 6. Bd2 d6 7. h3 O-O 8. O-O
Be6 9. a3 Bxc3 10. Bxc3 Bxc4 11. Bxd4 exd4 12. dxc4 c5 13. Qd3 h6 14. Rfe1 Re8
15. e5 Nh5 16. exd6 Qxd6 17. Qf5 g6 18. Qd5 Qxd5 19. cxd5 Nf4 20. Kf1 Nxd5 21.
Rxe8+ Rxe8 22. Re1 Rxe1+ 23. Nxe1 Nb6 24. b3 a5 25. Ke2 a4 26. Kd3 axb3 27.
cxb3 Nd7 28. Nf3 f6 29. Ke4 Ne5 30. Nd2 Kf7 31. f4 Nd7 32. Kd5 b5 33. Ne4 d3
34. Nd6+ Ke7 35. Nxb5 d2 36. Nc3 g5 37. fxg5 hxg5 38. b4 cxb4 39. axb4 Nb6+ 40.
Kd4 Na4 41. Nd1 Nb2 42. Nxb2 Ke6 43. b5 Kd6 44. b6 Kc6 45. Kd3 Kxb6 46. Nc4+
Kc6 47. Nxd2 Kd5 48. Ke3 Ke5 49. g4 f5 50. gxf5 Kxf5 51. Kf3 Kg6 52. Kg4 Kh6
53. Ne4 Kg6 54. Nxg5 Kh6 55. h4 Kg6 56. Nh3 Kh6 57. h5 Kh7 58. Kg5 Kg7 59. Nf4
Kh7 60. Ne6 Kg8 61. Nf4 Kh7 62. Nd5 Kg7 63. Nf6 Kh8 64. Ne8 Kg8 65. Kg6 Kh8 66.
Nd6 Kg8 67. h6 Kh8 68. Nf7+ Kg8 69. h7+ Kf8 70. h8=Q+ Ke7 71. Qd8+ Ke6 72. Qd6#
1-0

[Event "5.liga SE-SI 2019/2020"]
[Site "?"]
[Date "2020.06.27"]
[Round "10.1"]
[White "Drabek, Pavel"]
[Black "Belak, Michal"]
[Result "1/2-1/2"]
[WhiteElo "1000"]
[BlackElo "1288"]
[PlyCount "45"]
[EventDate "2019.10.19"]
[WhiteTeam "JabuÄ�a Petrova Ves - Gbely E"]
[BlackTeam "Å O Spartak Myjava B"]

1. e4 e5 2. Qf3 Nf6 3. Nc3 Bb4 4. a3 Ba5 5. b4 Bb6 6. d3 O-O 7. Bg5 Nc6 8. Nd5
Nd4 9. Qd1 c6 10. c3 cxd5 11. cxd4 Bxd4 12. Rc1 Qb6 13. Be3 dxe4 14. Bxd4 Qxd4
15. Rc4 Qb6 16. dxe4 d6 17. Nf3 Bg4 18. h3 Bh5 19. g4 Bg6 20. g5 Nxe4 21. Rh2
Rac8 22. Bd3 Rxc4 23. Bxc4 1/2-1/2

[Event "5.liga SE-SI 2019/2020"]
[Site "?"]
[Date "2020.06.27"]
[Round "10.2"]
[White "Datko, Jan"]
[Black "Nemeckay, Rastislav"]
[Result "1/2-1/2"]
[WhiteElo "1254"]
[BlackElo "1935"]
[PlyCount "50"]
[EventDate "2019.10.19"]
[WhiteTeam "Å achovÃ½ klub HolÃ­Ä� C"]
[BlackTeam "Interchess ZÅ  BorskÃ½ MikulÃ¡Å¡"]

1. e4 e5 2. Nf3 Nc6 3. Bb5 Nge7 4. d3 g6 5. Bg5 Bg7 6. Qd2 h6 7. Be3 d5 8. c3
Bg4 9. Qc2 O-O 10. Nbd2 a6 11. Ba4 b5 12. Bb3 Na5 13. O-O Rc8 14. a4 c5 15. h3
Be6 16. exd5 Nxd5 17. Bxd5 Bxd5 18. axb5 axb5 19. c4 bxc4 20. dxc4 Ba8 21. Ne4
Nb3 22. Rxa8 Rxa8 23. Qxb3 Rb8 24. Qc3 Re8 25. Bxc5 f5 1/2-1/2

[Event "5.liga SE-SI 2019/2020"]
[Site "?"]
[Date "2020.06.27"]
[Round "10.2"]
[White "Visvader, Kristof"]
[Black "Sefcik, Oliver"]
[Result "1/2-1/2"]
[WhiteElo "1442"]
[BlackElo "1249"]
[PlyCount "48"]
[EventDate "2019.10.19"]
[WhiteTeam "Interchess ZÅ  BorskÃ½ MikulÃ¡Å¡"]
[BlackTeam "Å achovÃ½ klub HolÃ­Ä� C"]

1. e4 d5 2. exd5 Qxd5 3. Nc3 Qa5 4. d4 c6 5. Nf3 Nf6 6. Bd2 Bg4 7. Ne4 Qd8 8.
Nxf6+ exf6 9. c3 Be7 10. Qb3 Qc8 11. Bc4 Be6 12. Bxe6 Qxe6+ 13. Qxe6 fxe6 14.
O-O-O Kf7 15. Rhe1 Re8 16. Re2 Nd7 17. Rde1 Bd6 18. h3 Nf8 19. Kc2 Ng6 20. b4
b5 21. g3 a5 22. a3 a4 23. Kd3 Rad8 24. Kc2 Bc7 1/2-1/2

[Event "5.liga SE-SI 2019/2020"]
[Site "?"]
[Date "2020.06.27"]
[Round "10.2"]
[White "Matula, Tomas"]
[Black "Nemeckay, Dominik"]
[Result "0-1"]
[WhiteElo "1000"]
[BlackElo "1451"]
[PlyCount "76"]
[EventDate "2019.10.19"]
[WhiteTeam "Å achovÃ½ klub HolÃ­Ä� C"]
[BlackTeam "Interchess ZÅ  BorskÃ½ MikulÃ¡Å¡"]

1. d4 d5 2. c4 e6 3. Nc3 Bb4 4. a3 Bd6 5. Nf3 c6 6. e3 Nf6 7. Bd3 Nbd7 8. b4
O-O 9. c5 Bc7 10. O-O e5 11. e4 exd4 12. Nxd4 Ne5 13. Bf4 Nxd3 14. Bxc7 Nxf2
15. Rxf2 Qxc7 16. exd5 cxd5 17. Ndb5 Qe5 18. Qd4 Qxd4 19. Nxd4 Be6 20. Re2 Rfe8
21. Rae1 Bd7 22. Re5 Kf8 23. Ncb5 Bxb5 24. Nxb5 Rxe5 25. Rxe5 a6 26. Nc7 Rd8
27. Kf2 Ng4+ 28. Ke2 Nxe5 29. Ke3 d4+ 30. Ke4 d3 31. Nd5 Rxd5 32. Kxd5 d2 33.
Kd6 d1=Q+ 34. Kc7 Qd7+ 35. Kb6 Qc6+ 36. Ka7 Nd7 37. a4 Qc8 38. b5 Qb8# 0-1

[Event "5.liga SE-SI 2019/2020"]
[Site "?"]
[Date "2020.06.27"]
[Round "10.2"]
[White "Visvader, Rudolf"]
[Black "Gaza, Erik"]
[Result "1-0"]
[WhiteElo "1267"]
[BlackElo "1000"]
[PlyCount "37"]
[EventDate "2019.10.19"]
[WhiteTeam "Interchess ZÅ  BorskÃ½ MikulÃ¡Å¡"]
[BlackTeam "Å achovÃ½ klub HolÃ­Ä� C"]

1. d4 d5 2. Bf4 Bf5 3. e3 e6 4. Nf3 Bd6 5. Bg3 Ne7 6. Bd3 O-O 7. O-O Nbc6 8. c3
Na5 9. b3 b6 10. Bh4 f6 11. Re1 g5 12. Bg3 Ng6 13. Qc2 Re8 14. Nbd2 Qd7 15. e4
dxe4 16. Bxe4 Bxe4 17. Nxe4 Bxg3 18. Nxf6+ Kf7 19. Nxd7 1-0

[Event "5.liga SE-SI 2019/2020"]
[Site "?"]
[Date "2020.06.27"]
[Round "10.2"]
[White "Zurek, Jakub"]
[Black "Zverka, Peter Samuel"]
[Result "0-1"]
[WhiteElo "1000"]
[BlackElo "1453"]
[PlyCount "54"]
[EventDate "2019.10.19"]
[WhiteTeam "Å achovÃ½ klub HolÃ­Ä� C"]
[BlackTeam "Interchess ZÅ  BorskÃ½ MikulÃ¡Å¡"]

1. e4 c5 2. d3 Nc6 3. Be2 g6 4. Be3 Bg7 5. Nc3 Qb6 6. Nf3 Qxb2 7. Bd2 Bxc3 8.
Bxc3 Qxc3+ 9. Qd2 Qxa1+ 10. Bd1 Nf6 11. O-O O-O 12. Be2 Qxa2 13. d4 cxd4 14. e5
Ne4 15. Qc1 d6 16. Bd3 Nc5 17. Bb5 Nxe5 18. Re1 Nxf3+ 19. gxf3 Qd5 20. Qh6 Qxf3
21. Qg5 Ne4 22. Be2 Qxf2+ 23. Kh1 Nxg5 24. Rg1 Nf3 25. Bxf3 Qxf3+ 26. Rg2 Bh3
27. c3 Qxg2# 0-1

[Event "5.liga SE-SI 2019/2020"]
[Site "?"]
[Date "2020.06.27"]
[Round "10.3"]
[White "Kaufman, Robert"]
[Black "Drabek, Martin"]
[Result "0-1"]
[WhiteElo "1430"]
[BlackElo "1465"]
[PlyCount "51"]
[EventDate "2019.10.19"]
[WhiteTeam "CVÄŒ Senica C"]
[BlackTeam "Å K Skalica D"]

1. e4 e5 2. Nf3 Nc6 3. Bc4 h6 4. O-O Nf6 5. Re1 Bc5 6. c3 d6 7. d4 exd4 8. Nxd4
Bg4 9. Nxc6 bxc6 10. Qa4 Bd7 11. e5 dxe5 12. Rxe5+ Be7 13. Be3 O-O 14. Nd2 Bd6
15. Ra5 c5 16. Bb5 Bxb5 17. Rxb5 c6 18. Rb7 Qc8 19. Rxa7 Rxa7 20. Qxa7 Ng4 21.
Bxc5 Bxh2+ 22. Kf1 Rd8 23. Re1 Rxd2 24. Re7 Qf5 25. Re8+ Kh7 26. Rf8 0-1

[Event "5.liga SE-SI 2019/2020"]
[Site "?"]
[Date "2020.06.27"]
[Round "10.3"]
[White "Jancik, James"]
[Black "Benci, Jozef"]
[Result "0-1"]
[WhiteElo "1000"]
[BlackElo "1227"]
[PlyCount "74"]
[EventDate "2019.10.19"]
[WhiteTeam "Å K Skalica D"]
[BlackTeam "CVÄŒ Senica C"]

1. e4 e5 2. Nc3 Nf6 3. Bc4 Nc6 4. Nf3 Bc5 5. Nd5 d6 6. c3 Bg4 7. h3 Bh5 8.
Nxf6+ Qxf6 9. d4 Bxf3 10. Qxf3 Qxf3 11. gxf3 exd4 12. Be3 dxe3 13. fxe3 Bxe3
14. Kd1 O-O-O 15. Re1 Bg5 16. Kc2 Ne5 17. b3 Nxc4 18. bxc4 Rhe8 19. Rad1 c6 20.
Rf1 f6 21. f4 Bh6 22. c5 d5 23. exd5 Rxd5 24. Rxd5 cxd5 25. f5 Rd8 26. Rb1 d4
27. c4 d3+ 28. Kc3 d2 29. a4 d1=Q 30. Rxd1 Rxd1 31. Kb4 Rd3 32. a5 Kc7 33. Kb5
a6+ 34. Ka4 Kc6 35. h4 Kxc5 36. h5 Bc1 37. h6 Ra3# 0-1

[Event "5.liga SE-SI 2019/2020"]
[Site "?"]
[Date "2020.06.27"]
[Round "10.3"]
[White "Babic, Patrik"]
[Black "Kroupova, Veronika"]
[Result "1-0"]
[WhiteElo "1349"]
[BlackElo "1000"]
[PlyCount "61"]
[EventDate "2019.10.19"]
[WhiteTeam "CVÄŒ Senica C"]
[BlackTeam "Å K Skalica D"]

1. e4 e5 2. Nf3 Nc6 3. Bc4 Nf6 4. d3 Bb4+ 5. c3 Bc5 6. Bg5 h6 7. Bh4 O-O 8. d4
exd4 9. cxd4 Bxd4 10. Nxd4 Nxd4 11. Qxd4 d5 12. Bb3 dxe4 13. Qxd8 Rxd8 14. Bxf6
gxf6 15. O-O Be6 16. Bxe6 fxe6 17. Nc3 c6 18. Nxe4 f5 19. Nc5 b6 20. Nxe6 Re8
21. Nc7 Re2 22. Nxa8 Rxb2 23. Rfe1 c5 24. Re7 Kf8 25. Rxa7 Ke8 26. Re1+ Kd8 27.
h3 Rxa2 28. Rxa2 Kc8 29. Ra7 Kb8 30. Rh7 Kxa8 31. Re8# 1-0

[Event "5.liga SE-SI 2019/2020"]
[Site "?"]
[Date "2020.06.27"]
[Round "10.3"]
[White "Barcak, Vladimir"]
[Black "Kaufmanova, Karin"]
[Result "1-0"]
[WhiteElo "1000"]
[BlackElo "1127"]
[PlyCount "45"]
[EventDate "2019.10.19"]
[WhiteTeam "Å K Skalica D"]
[BlackTeam "CVÄŒ Senica C"]

1. e4 e5 2. Nc3 Nf6 3. Nf3 Bc5 4. Bc4 d6 5. O-O Bg4 6. h3 Bd7 7. Ng5 d5 8. exd5
Nxd5 9. Bxd5 Qxg5 10. Bxb7 Bxh3 11. Bxa8 c6 12. Qf3 Bg4 13. d3 Qh5 14. Qg3 O-O
15. Be3 Bxe3 16. fxe3 Re8 17. Rae1 Re6 18. Bb7 Rg6 19. Ne4 Bh3 20. Kh2 Rxg3 21.
Nxg3 Bg4+ 22. Nxh5 Bxh5 23. Bc8 1-0